[Event "Mittelrhein Regionalliga 18/19"]
[Site "Nordrheinwestfalen"]
[Date "2018.09.30"]
[Round "2.5"]
[White "Draftian, Ashote"]
[Black "Peters, Alex"]
[Result "1/2-1/2"]
[WhiteElo "2236"]
[BlackElo "2141"]
[PlyCount "88"]
[EventDate "2018.10.28"]
[EventType "team-tourn"]
[EventRounds "11"]
[EventCountry "GER"]
[SourceTitle "EXT 2022"]
[Source "ChessBase"]
[SourceDate "2021.10.06"]
[SourceVersion "1"]
[SourceVersionDate "2021.10.06"]
[SourceQuality "1"]
[WhiteTeam "Alsdorf SVG"]
[BlackTeam "Bruehl"]
[WhiteTeamCountry "GER"]
[BlackTeamCountry "GER"]

1. e4 Nf6 2. e5 Nd5 3. d4 d6 4. c4 Nb6 5. Nf3 Bg4 6. exd6 exd6 7. Be3 Nc6 8. h3 Bh5 9. Nc3 Be7 10. g4 Bg6 11. Qb3 a5 12. Na4 Nb4 13. Nxb6 Nc2+ 14. Kd2 Nxa1 15. Qa4+ c6 16. Nxa8 Nc2 17. Bd3 Nxe3 18. fxe3 Bxd3 19. Kxd3 Qxa8 20. b4 d5 21. Qxa5 dxc4+ 22. Kxc4 b5+ 23. Kd3 Qb7 24. Ke2 0-0 25. Qa3 Ra8 26. Qb3 Ra4 27. a3 Bd6 28. Rc1 Qd7 29. Ne5 Bxe5 30. dxe5 h5 31. e6 fxe6 32. gxh5 Qd5 33. Qxd5 cxd5 34. Rc5 Rxa3 35. Rxb5 Kf7 36. Rb7+ Kf6 37. h4 Rb3 38. b5 Rb4 39. b6 Rxh4 40. Rb8 Rb4 41. b7 Ke5 42. Kd3 Rb3+ 43. Kc2 Rb6 44. Kd3 Rb3+ 1/2-1/2

[Event "NRW Class1 1617"]
[Site "Germany"]
[Date "2017.03.26"]
[Round "8.6"]
[White "Niermann, Tristan"]
[Black "Peters, Alex"]
[Result "1-0"]
[WhiteElo "2206"]
[BlackElo "2235"]
[PlyCount "93"]
[EventDate "2016.09.25"]
[EventType "team-tourn"]
[EventRounds "9"]
[EventCountry "GER"]
[SourceTitle "EXT 2023"]
[Source "ChessBase"]
[SourceDate "2022.10.05"]
[SourceVersion "1"]
[SourceVersionDate "2022.10.05"]
[SourceQuality "1"]
[WhiteTeam "Lieme"]
[BlackTeam "Bruehl"]
[WhiteTeamCountry "GER"]
[BlackTeamCountry "GER"]

1. d4 Nf6 2. c4 e6 3. g3 d5 4. Nf3 Bb4+ 5. Bd2 Bxd2+ 6. Nbxd2 0-0 7. Bg2 b6 8. cxd5 exd5 9. 0-0 Bb7 10. Qc2 Nbd7 11. Rac1 c5 12. Rfd1 Qe7 13. e3 Rfd8 14. Nb1 Ne4 15. Nc3 Rac8 16. Qb3 c4 17. Qc2 Nxc3 18. bxc3 Qa3 19. Rb1 Bc6 20. Qb2 Qxb2 21. Rxb2 Rb8 22. Bh3 Nf6 23. Ne5 Ba4 24. Rc1 Ne4 25. Rb4 Be8 26. f3 Ng5 27. Bg2 f6 28. Ng4 Bc6 29. h4 Nf7 30. e4 Re8 31. exd5 Bxd5 32. Kf2 Nd6 33. Ne3 a5 34. Rb2 Bc6 35. Bf1 b5 36. Rcb1 Rbc8 37. a4 bxa4 38. Nxc4 Nxc4 39. Bxc4+ Kf8 40. Ba6 Ra8 41. Rb6 Bd5 42. c4 Rxa6 43. Rxa6 Bxc4 44. Rxa5 Re2+ 45. Kg1 Bb3 46. Ra7 Rd2 47. Rc1 1-0

[Event "Berlin Lichtenrade op 11th"]
[Site "Berlin"]
[Date "2015.11.01"]
[Round "9"]
[White "Peters, Alex"]
[Black "Heerde, Thomas"]
[Result "1/2-1/2"]
[WhiteElo "2262"]
[BlackElo "1988"]
[PlyCount "216"]
[EventDate "2015.10.24"]
[EventType "swiss"]
[EventRounds "9"]
[EventCountry "GER"]
[SourceTitle "CBM 169 Extra"]
[Source "ChessBase"]
[SourceDate "2015.12.18"]
[SourceVersion "1"]
[SourceVersionDate "2015.12.18"]
[SourceQuality "1"]

1. b3 Nf6 2. Bb2 g6 3. e3 Bg7 4. d4 0-0 5. Nf3 b6 6. Be2 Bb7 7. 0-0 c5 8. dxc5 bxc5 9. c4 e6 10. Nc3 Qe7 11. Rc1 Rd8 12. Qc2 Nc6 13. Rfd1 Rac8 14. Qb1 d6 15. Qa1 Nb4 16. Nb5 e5 17. a3 Nc6 18. Nd2 Ne8 19. Nc3 a5 20. Bf3 Rb8 21. Nd5 Qf8 22. Ne4 Ba8 23. Qa2 h6 24. Nec3 Kh7 25. Nb5 Rdc8 26. Bc3 f5 27. Qb2 h5 28. Qd2 Qf7 29. Qc2 Bh6 30. Rb1 Rd8 31. Be1 Bb7 32. Bc3 Ba8 33. a4 Bb7 34. Qd2 Ra8 35. Nb6 Nd4 36. Bxb7 Qxb7 37. Nd5 Nc6 38. Qe2 Nb4 39. Nxb4 cxb4 40. Bb2 Rac8 41. Rd5 Qb6 42. Rbd1 Bf8 43. Qd2 Be7 44. Qc2 Nf6 45. R5d3 Ne4 46. Kf1 Rc6 47. f3 Nc5 48. Rd5 Bg5 49. Bc1 Bf6 50. Bb2 Bg5 51. Ke2 Nb7 52. Qd2 f4 53. e4 Be7 54. Qc2 g5 55. Bc1 Rg8 56. h3 Nc5 57. Bd2 Qb8 58. Rh1 Qf8 59. Be1 Rg6 60. Bf2 Ne6 61. Qd3 Kg7 62. Na7 Ra6 63. c5 Rxa7 64. cxd6 Rb7 65. dxe7 Qxe7 66. Rd1 Nf8 67. Bc5 Qf7 68. Rxe5 Ne6 69. Bd4 Kh6 70. Rd5 Rc7 71. Bb2 Nf8 72. Rd2 Rcc6 73. Qd4 Rc7 74. Qe5 Nh7 75. Qf5 Qe7 76. h4 Rcc6 77. hxg5+ Qxg5 78. Qxg5+ Rxg5 79. Rd6+ Rg6 80. e5 Kg5 81. Rxg6+ Rxg6 82. Rd6 Rg8 83. Rd7 Kg6 84. Bc1 Rf8 85. Ra7 Ng5 86. Rxa5 Ne6 87. Kd3 Rc8 88. Bd2 Rd8+ 89. Kc2 Nd4+ 90. Kb2 Nc6 91. Ra6 Rxd2+ 92. Kc1 Rxg2 93. Rxc6+ Kg7 94. Rf6 h4 95. Rxf4 h3 96. Rxb4 h2 97. Rh4 Rg1+ 98. Kc2 h1Q 99. Rxh1 Rxh1 100. a5 Re1 101. f4 Re4 102. a6 Rxf4 103. Kc3 Rf8 104. Kc4 Kf7 105. Kc5 Rc8+ 106. Kb6 Rb8+ 107. Kc7 Rxb3 108. a7 Ra3 1/2-1/2

[Event "Mittelrhein Regionalliga 1415"]
[Site "Mittelrhein"]
[Date "2015.02.22"]
[Round "7.4"]
[White "Peters, Alex"]
[Black "Albrecht, Oliver"]
[Result "1/2-1/2"]
[WhiteElo "2182"]
[BlackElo "2092"]
[PlyCount "112"]
[EventDate "2014.09.28"]
[EventType "team-tourn"]
[EventRounds "9"]
[EventCountry "GER"]
[SourceTitle "EXT 2023"]
[Source "ChessBase"]
[SourceDate "2022.10.05"]
[SourceVersion "1"]
[SourceVersionDate "2022.10.05"]
[SourceQuality "1"]
[WhiteTeam "Bruehl"]
[BlackTeam "Bonn Beuel"]
[WhiteTeamCountry "GER"]
[BlackTeamCountry "GER"]

1. e3 d5 2. b3 e5 3. Bb2 Bd6 4. Nf3 Qe7 5. c4 Nf6 6. Be2 0-0 7. c5 Bxc5 8. Nxe5 Nbd7 9. Nf3 Bd6 10. Qc2 c6 11. d3 Re8 12. Nbd2 Ba3 13. 0-0 Bxb2 14. Qxb2 Ne5 15. Qxe5 Qxe5 16. Nxe5 Rxe5 17. b4 a5 18. b5 c5 19. d4 cxd4 20. Nf3 Re8 21. Nxd4 Bd7 22. Rfc1 Rec8 23. f3 Rxc1+ 24. Rxc1 Rc8 25. Rxc8+ Bxc8 26. Kf2 Kf8 27. Ke1 Ke7 28. Kd2 Kd6 29. Kc3 Bd7 30. g4 g5 31. Bd3 h5 32. gxh5 Nxh5 33. a4 b6 34. Bc2 Ke5 35. Kd2 Ng7 36. Ne2 Ne6 37. Kc3 f5 38. Bb3 Be8 39. Nc1 Nc5 40. Bd1 f4 41. exf4+ gxf4 42. Ne2 Ne6 43. Nc1 d4+ 44. Kc4 Nc5 45. Nd3+ Nxd3 46. Kxd3 Kd5 47. Bb3+ Kc5 48. h4 Bg6+ 49. Kd2 Kb4 50. Bc2 Bh5 51. Bd1 Kc4 52. Be2+ Kd5 53. Bd1 Ke5 54. Be2 Bf7 55. Bd1 Be6 56. Bc2 Bc4 1/2-1/2

[Event "Solingen Karneval op"]
[Site "Solingen"]
[Date "2011.03.06"]
[Round "4"]
[White "Peters, Alex"]
[Black "Philippe, Denis"]
[Result "0-1"]
[WhiteElo "2211"]
[BlackElo "2099"]
[PlyCount "66"]
[EventDate "2011.03.04"]
[EventType "swiss"]
[EventRounds "5"]
[EventCountry "GER"]
[SourceTitle "EXT 2015"]
[Source "ChessBase"]
[SourceDate "2014.11.20"]
[SourceVersion "1"]
[SourceVersionDate "2014.11.20"]
[SourceQuality "1"]

1. b3 d5 2. Bb2 Nf6 3. e3 Bg4 4. Be2 Bxe2 5. Qxe2 Nbd7 6. f4 e6 7. Nf3 Bd6 8. d3 c6 9. Ne5 Qa5+ 10. Nd2 Bb4 11. Nxd7 Nxd7 12. a3 Bxd2+ 13. Qxd2 Qxd2+ 14. Kxd2 f6 15. g4 0-0-0 16. Rhg1 h6 17. h4 Rdf8 18. Raf1 e5 19. fxe5 fxe5 20. Ke2 Kc7 21. Rf5 Kd6 22. e4 Ke6 23. h5 Rf7 24. a4 d4 25. c3 c5 26. cxd4 exd4 27. b4 b6 28. Kd2 Ne5 29. bxc5 Nf3+ 30. Rxf3 Rxf3 31. Ke2 Re3+ 32. Kd2 bxc5 33. Rc1 Rf8 0-1

[Event "NRW Class1 0708"]
[Site "Germany"]
[Date "2007.12.09"]
[Round "4.3"]
[White "Fehr, Axel"]
[Black "Peters, Alex"]
[Result "1/2-1/2"]
[WhiteElo "2150"]
[BlackElo "2209"]
[PlyCount "55"]
[EventDate "2007.09.16"]
[EventType "team"]
[EventRounds "9"]
[EventCountry "GER"]
[SourceTitle "EXT 2009"]
[Source "ChessBase"]
[SourceDate "2008.11.26"]
[SourceVersion "1"]
[SourceVersionDate "2008.11.26"]
[SourceQuality "1"]
[WhiteTeam "Brackweda"]
[BlackTeam "Rheinpark BSG"]
[WhiteTeamCountry "GER"]
[BlackTeamCountry "GER"]

1. c4 Nf6 2. Nc3 e6 3. e4 d5 4. e5 Ne4 5. Nxe4 dxe4 6. Qg4 f5 7. exf6 Qxf6 8. Qxe4 Bc5 9. Nf3 Nc6 10. Bd3 Bd7 11. a3 Nd4 12. Nxd4 Bxd4 13. 0-0 Bc6 14. Qe2 Rf8 15. Rb1 0-0-0 16. Be4 Bxe4 17. Qxe4 Bxf2+ 18. Kh1 Rd4 19. Qe2 Qf5 20. d3 Qxd3 21. Qxe6+ Kb8 22. Bg5 h6 23. Be7 Rc8 24. h3 Qe4 25. Qxe4 Rxe4 26. Rxf2 Rxe7 27. Rd1 c6 28. Rd3 1/2-1/2